| 000 | 00716nam a2200205 a 4500 | ||
|---|---|---|---|
| 005 | 20230221063608.0 | ||
| 008 | 010606s2003 r 000 0 eng d | ||
| 020 | _a9688848069 | ||
| 035 | _aUPN01000107677 | ||
| 049 | _aCG | ||
| 050 | 4 |
_aLE7.3919 CH2g _bH8.2 |
|
| 100 | 1 | _aHuffman Schwocho, Dennis | |
| 245 | 1 | 0 |
_aDesarrollo curricular y sus aplicaciones para la docencia : _btres estudios evaluativos sobre educación agrícola superior / _cDennis Huffman Schwocho. |
| 260 |
_aMéxico : _bUACH, _c2003. |
||
| 300 |
_a218 p. : _bgráfs. |
||
| 610 | 2 | 4 |
_aUNIVERSIDAD AUTONOMA DE CHAPINGO - _vPLANES Y PROGRAMAS _920040 |
| 650 | 2 |
_aDesarrollo curricular _9405 |
|
| 650 | 4 | _aACREDITACION (EDUCACION) | |
| 905 | _aLibro | ||
| 999 |
_c81589 _d81589 |
||